Catálogo de la Biblioteca Horacio González - Universidad Nacional de General Sarmiento

Funciones : (Registro nro. 47735)

Detalles MARC
000 -CABECERA
campo de control de longitud fija 01113nac a22003010a 4500
001 - NÚMERO DE CONTROL
campo de control PT5602
003 - IDENTIFICADOR DEL NÚMERO DE CONTROL
campo de control AR-LpoUNG
005 - FECHA Y HORA DE LA ÚLTIMA TRANSACCIÓN
campo de control 20260115121325.0
008 - DATOS DE LONGITUD FIJA--INFORMACIÓN GENERAL
campo de control de longitud fija 201001s2001||||ag |||||||||||||||||spa d
020 ## - NÚMERO INTERNACIONAL ESTÁNDAR DEL LIBRO
Número Internacional Estándar del Libro 9879300394
Condiciones de disponibilidad $23.00
040 ## - FUENTE DE LA CATALOGACIÓN
Centro catalogador/agencia de origen AR-LpoUNG
Lengua de catalogación spa
Normas de descripción aacr
041 ## - CÓDIGO DE LENGUA
Código de lengua del texto/banda sonora o título independiente spa
044 ## - CÓDIGO DEL PAÍS DE LA ENTIDAD EDITORA/PRODUCTORA
Código MARC del país ag
082 0# - NÚMERO DE LA CLASIFICACIÓN DECIMAL DEWEY
Número de clasificación 510 333v1
100 1# - ENTRADA PRINCIPAL--NOMBRE DE PERSONA
Nombre de persona Schifini, Claudio G.
245 10 - MENCIÓN DE TÍTULO
Título Funciones :
Resto del título límite y continuidad
250 ## - MENCIÓN DE EDICIÓN
Mención de edición 1ra. ed.
260 ## - PUBLICACIÓN, DISTRIBUCIÓN, ETC.
Lugar de publicación, distribución, etc. Buenos Aires :
Nombre del editor, distribuidor, etc. Universidad Nacional de General Sarmiento,
Fecha de publicación, distribución, etc. marzo de 2001.
300 ## - DESCRIPCIÓN FÍSICA
Extensión 105 p. :
Otras características físicas gráfs.
490 0# - MENCIÓN DE SERIE
Mención de serie Notas de matemática para el primer ciclo universitario
520 ## - SUMARIO, ETC.
Sumario, etc. Estas notas forman parte de un proyecto del área de matemática del instituto de ciencias de la U.N.G.S. que tiene como objetivo proveer al alumno, que debe cursar las distintas asignaturas de matemática, de material específico que le sirva de guía y apoyo.
650 #4 - PUNTO DE ACCESO ADICIONAL DE MATERIA--TÉRMINO DE MATERIA
Término de materia o nombre geográfico como elemento de entrada FUNCIONES
650 #4 - PUNTO DE ACCESO ADICIONAL DE MATERIA--TÉRMINO DE MATERIA
Término de materia o nombre geográfico como elemento de entrada GEOMETRIA
650 #4 - PUNTO DE ACCESO ADICIONAL DE MATERIA--TÉRMINO DE MATERIA
Término de materia o nombre geográfico como elemento de entrada MATEMATICAS
710 2# - PUNTO DE ACCESO ADICIONAL--NOMBRE DE ENTIDAD CORPORATIVA
Nombre de entidad corporativa o nombre de jurisdicción como elemento de entrada Universidad Nacional de General Sarmiento. Instituto de Ciencias
905 ## - ELEMENTOS DE DATOS E LOCAL, LDE (RLIN)
a 5602
942 ## - ELEMENTOS DE PUNTO DE ACCESO ADICIONAL (KOHA)
Tipo de ítem Koha Libro
Fuente del sistema de clasificación o colocación Dewey Decimal Classification
Existencias
Estado de retiro Estado de pérdida Fuente del sistema de clasificación o colocación Estado dañado No para préstamo Código de colección Localización permanente Ubicación/localización actual Fecha de adquisición Total de préstamos Signatura topográfica completa Código de barras Fecha visto por última vez Precio válido a partir de Tipo de ítem Koha Fecha del último préstamo Renovaciones totales
Retirado   Dewey Decimal Classification   No es para préstamo Colección Ediciones UNGS Biblioteca Universidad Nacional de General Sarmiento Biblioteca Universidad Nacional de General Sarmiento 01/02/2021   510 333v1 CUNGS1338 01/02/2021 01/02/2021 Libro    
          Colección Ediciones UNGS Biblioteca Universidad Nacional de General Sarmiento Biblioteca Universidad Nacional de General Sarmiento 01/02/2021   510 333v1 CUNGS1380 01/02/2021 01/02/2021 Libro    
          Colección General Biblioteca Universidad Nacional de General Sarmiento Biblioteca Universidad Nacional de General Sarmiento 01/02/2021   510 333v1 00010368 01/02/2021 01/02/2021 Libro    
Retirado   Dewey Decimal Classification Dañado No es para préstamo Colección General Biblioteca Universidad Nacional de General Sarmiento Biblioteca Universidad Nacional de General Sarmiento 01/02/2021   510 333v1 00010427 01/02/2021 01/02/2021 Libro    
          Colección General Biblioteca Universidad Nacional de General Sarmiento Biblioteca Universidad Nacional de General Sarmiento 01/02/2021 1 510 333v1 00015481 20/09/2023 01/02/2021 Libro 28/03/2022  
          Colección General Biblioteca Universidad Nacional de General Sarmiento Biblioteca Universidad Nacional de General Sarmiento 01/02/2021 11 510 333v1 00016276 03/09/2025 01/02/2021 Libro 20/08/2025 4
          Colección General Biblioteca Universidad Nacional de General Sarmiento Biblioteca Universidad Nacional de General Sarmiento 01/02/2021   510 333v1 S00010367 01/02/2021 01/02/2021 Lectura en Sala    
    Dewey Decimal Classification     Colección General Biblioteca Universidad Nacional de General Sarmiento Biblioteca Universidad Nacional de General Sarmiento 11/03/2023 7 510 333v1 00068140 29/04/2026 11/03/2023 Libro 10/04/2026 1